000 00918nam a2200253 a 4500
001 000023539
005 20200930022307.0
008 101210s2000 mx a r 000 | spa d
020 _a9684444702
040 _aDO-SdBNP
_bspa
_cBNPHU
041 _aeng
_hspa
_2Código de idioma MARC
082 _a621.3
_bC655f
100 1 _aCogdell, J. R.
_948527
240 1 0 _aFoundations of electronics
_lespañol
245 1 0 _aFundamentos de electrónica /
_cJ.R. Cogdell; edición de José Luis Vázquez Chavarría; traducción Francisco José Rodríguez Ramírez.
260 _aMéxico D. F. :
_bPearson Hall,
_c2000.
300 _ax, 420 p. ;
_c21 cm.
534 _aTítulo original :
_tFoundations of electronics
650 4 _aElectrónica
_920556
650 4 _aEléctricidad
_948528
700 1 _aRodríguez Ramírez, Francisco José
_etr.
_948529
700 1 _aVázquez Chavarría, José Luis
_eed.
_947347
049 _aBNGR
999 _c23035
_d23035